000
00460nam a22001337a 4500
003
SGT
020
_a
8171821561
082
_a
891.4309
_b
N99S
100
_a
शर्मा, अशोक कुमार
245
_a
नास्त्रेदमस की अगली सदी की भविष्यवाणियां
260
_b
डायमंड पॉकेट बुक्स प्रा. लि.
_c
1999
300
_a
240
942
_2
ddc
_c
BK
999
_c
31225
_d
31225